000 02096nam0a2200289 i 4500
001 RU\NLR\BIBL_A\011272413
005 20241114181259.0
010 _a9785788310725
_9100
021 _aRU
_b2016-83560
_95464
035 _a(NLR Aleph) 011272413
090 _a10824975
_c10824975
100 _a20161115d2016 um y0rusy50 ca
101 0 _arus
102 _aRU
105 _aa|||j|||000zy
200 1 _aГазопылевая атмосфера космических аппаратов и электронные средства ее контроля
_eучебное пособие для студентов, обучающихся по программам высшего образования укрупненной группы направлений и специальностей 24.00.00 Авиационноя и ракетно-космическая техника
_fН.Д. Семкин
_gМ-во образования и науки Рос. Федерации, Федер. гос. автоном. образоват. учреждение высш. образования "Самар. нац. исслед. ун-т им. акад. С. П. Королева" (Самар. ун-т)
210 _aСамара
_cИзд-во Самарского университета
_d2016
215 _a251 с.
_cил.
_d21
320 _aБиблиогр.: с. 234-251 (200 назв.)
606 1 _aКосмические летательные аппараты
_jУчебные издания для высших учебных заведений
_xВнешняя атмосфера
_xКонтроль
_xМатематические исследования
_92174536
_3RU\NLR\AUTH\6601544171
606 _aГазоанализаторы
_jУчебные издания для высших учебных заведений
_xИзмерительные преобразователи
_92150462
_3RU\NLR\AUTH\661295117
686 1 _aО62-01с11я73-1
700 1 _aСемкин
_bН. Д.
_gНиколай Данилович
942 _cBOOK
980 _aNBR